MyGZULibrary

Africa in the twentieth century : (Record no. 645)

MARC details
000 -LEADER
fixed length control field 01332cam a2200385 a 4500
001 - CONTROL NUMBER
control field 13650492
003 - CONTROL NUMBER IDENTIFIER
control field GZU
005 - DATE AND TIME OF LATEST TRANSACTION
control field 20200909151016.0
008 - FIXED-LENGTH DATA ELEMENTS--GENERAL INFORMATION
fixed length control field 040709s2004 nju b 001 0 eng
010 ## - LIBRARY OF CONGRESS CONTROL NUMBER
LC control number 2004015618
020 ## - INTERNATIONAL STANDARD BOOK NUMBER
International Standard Book Number 1592212964 (hardcover)
020 ## - INTERNATIONAL STANDARD BOOK NUMBER
International Standard Book Number 9781592212965 (hardcover)
020 ## - INTERNATIONAL STANDARD BOOK NUMBER
International Standard Book Number 1592212972 (pbk.)
020 ## - INTERNATIONAL STANDARD BOOK NUMBER
International Standard Book Number 9781592212972 (pbk.)
035 ## - SYSTEM CONTROL NUMBER
System control number (OCoLC)ocm55947955
035 ## - SYSTEM CONTROL NUMBER
System control number (OCoLC)55947955
040 ## - CATALOGING SOURCE
Original cataloging agency DLC
Transcribing agency DLC
Modifying agency YDX
-- BAKER
-- BTCTA
-- YDXCP
-- DLC
043 ## - GEOGRAPHIC AREA CODE
Geographic area code f------
-- f-gh---
050 00 - LIBRARY OF CONGRESS CALL NUMBER
Classification number DT510.5
Item number .B63 2004
082 00 - DEWEY DECIMAL CLASSIFICATION NUMBER
Classification number 966.7
Edition number 22
100 1# - MAIN ENTRY--PERSONAL NAME
Personal name Boahen, A. Adu.
245 10 - TITLE STATEMENT
Title Africa in the twentieth century :
Remainder of title the Adu Boahen reader /
Statement of responsibility, etc. edited by Toyin Falola.
260 ## - PUBLICATION, DISTRIBUTION, ETC.
Place of publication, distribution, etc. Trenton, NJ :
Name of publisher, distributor, etc. Africa World Press,
Date of publication, distribution, etc. c2004.
300 ## - PHYSICAL DESCRIPTION
Extent 667 p. ;
Dimensions 23 cm.
440 #0 - SERIES STATEMENT/ADDED ENTRY--TITLE
Title Classic authors and texts on Africa
504 ## - BIBLIOGRAPHY, ETC. NOTE
Bibliography, etc. note Includes bibliographical references and index.
600 10 - SUBJECT ADDED ENTRY--PERSONAL NAME
Personal name Boahen, A. Adu.
651 #0 - SUBJECT ADDED ENTRY--GEOGRAPHIC NAME
Geographic name Ghana
General subdivision History.
651 #0 - SUBJECT ADDED ENTRY--GEOGRAPHIC NAME
Geographic name Africa
General subdivision History.
700 1# - ADDED ENTRY--PERSONAL NAME
Personal name Falola, Toyin.
856 41 - ELECTRONIC LOCATION AND ACCESS
Materials specified Table of contents
Uniform Resource Identifier <a href="http://www.loc.gov/catdir/toc/ecip0420/2004015618.html">http://www.loc.gov/catdir/toc/ecip0420/2004015618.html</a>
906 ## - LOCAL DATA ELEMENT F, LDF (RLIN)
a 7
b cbc
c orignew
d 1
e ecip
f 20
g y-gencatlg
942 ## - ADDED ENTRY ELEMENTS (KOHA)
Source of classification or shelving scheme Library of Congress Classification
Koha item type Books
Classification part 510
Item part FAL
Call number prefix DT
Holdings
Withdrawn status Lost status Damaged status Not for loan Collection code Home library Current library Shelving location Date acquired Total Checkouts Full call number Barcode Date last seen Copy number Koha item type
        Non-fiction City Campus Library City Campus Library General Stacks 10/10/2006   DT 510.5 TOY 2004 017031 09/09/2020 C-1 Books